UBT Library

NUTRITIONAL ADAPTATION OF THE GASTROINTESTINAL TRACT OF THE NEWBORN (Record no. 10854)

000 -LEADER
fixed length control field 00339nam a22001337a 4500
008 - FIXED-LENGTH DATA ELEMENTS--GENERAL INFORMATION
fixed length control field 170414b xxu||||| |||| 00| 0 eng d
020 ## - INTERNATIONAL STANDARD BOOK NUMBER
International Standard Book Number 089004905X
041 ## - LANGUAGE CODE
Language code of text/sound track or separate title eng
080 ## - UNIVERSAL DECIMAL CLASSIFICATION NUMBER
Universal Decimal Classification number 612.39
100 ## - Rafti
Rafti 10
101 ## - Shkurtesa
Shkurtesa SHM
245 ## - TITLE STATEMENT
Title NUTRITIONAL ADAPTATION OF THE GASTROINTESTINAL TRACT OF THE NEWBORN
Statement of responsibility, etc KRETCHMER, N
942 ## - ADDED ENTRY ELEMENTS (KOHA)
Source of classification or shelving scheme
Item type Books
Holdings
Withdrawn status Lost status Source of classification or shelving scheme Damaged status Not for loan Collection code Permanent location Current location Shelving location Date acquired Total Checkouts Full call number Barcode Date last seen Price effective from Koha item type
          Koleksioni i përgjithshem UBT - Lipjan UBT - Lipjan Koleksioni i përgjithshem 04/14/2017   612.39 KRE 002-280450 04/14/2017 04/14/2017 Books
UBT Library © 2015-2024. All rights reserved University Education for Business and Technology